000 00922cai a22001815a 4500
001 E144777
008 080811u xxk g 000 0 eng d
035 _a(Sirsi) u144777
041 0 _aeng
110 2 _aScottish Civic Trust
_92679
245 0 0 _aBuildings at risk
_bregister for Scotland
_h[electronic resource]
520 _aEstablished in Scotland in 1990, the Buildings at Risk Register sets out those listed buildings and buildings in Conservation Areas that are thought to be at risk. The Scottish Civic Trust maintains the Register on behalf of Historic Scotland. The List can be searched via an interactive map or an advanced search funtion.
590 _aKA
651 4 _aScotland
_y1999-
690 _aBUILT ENVIRONMENT-BUILDING TYPES-ANCIENT MONUMENTS AND HISTORIC BUILDINGS
856 4 0 _uhttps://www.buildingsatrisk.org.uk/BAR/
_zView the website free of charge at www.buildingsatrisk.org.uk...
942 _n0
999 _c120694
_d120694